Porque nos sentimos mal quando tudo corre bem? (Registo nº 76538)

Detalhes MARC
000 -Etiqueta do registo
campo de controlo de comprimento fixo 00755nam a2200241 4500
001 - Identificador do registo
Campo de controlo 76538
005 - Identificador da versão
Campo de controlo 20260513101548.0
010 ## - ISBN
Número (ISBN) 978-989-777-829-2
100 ## - Dados Gerais de Proc.
Dados gerais de processamento 20260513d2024 m||y0pory50030103ba
101 1# - Língua da publicação
Língua do texto, banda sonora, etc. Português
Língua do documento no original Inglês
102 ## - País de Publicação
País de publicação Portugal
200 1# - Título
Título próprio Porque nos sentimos mal quando tudo corre bem?
Informação de outro título Uma perspetiva neurológica acerca da nossa busca da felicidade
Primeira menção de responsabilidade Anders Hansen
Outras menções de responsabilidade trad. Luís Santos
210 #9 - Publicação, Distribuição
Lugar da edição, distribuição, etc. Lisboa
Nome do editor, distribuidor, etc. Planeta
Data da publicação, distribuição, etc. 2024
215 ## - Descrição física
Descrição física 191 p.
304 ## - Título e responsabilidade
Texto da nota Tit. orig. : The happiness cure
320 ## - Relativa a bibliografia
Texto da nota Inclui bibliografia p.173-180
675 ## - CDU
Notação 616.89-008.44(035)
Edição BN
Língua da edição Português
675 ## - CDU
Notação 159.942(035)
Edição BN
Língua da edição Português
675 ## - CDU
Notação 613.7(035)
Edição BN
Língua da edição Português
702 ## - Responsabilidade secundária
Palavra de ordem Santos
Outra parte do nome Luís
Koha Internal Code 41274
Código de função Tradutor
801 #0 - Fonte de origem
País Portugal
Agência BN
Regras de catalogação RPC
090 ## - Números de controlo do sistema (Koha)
Número biblioitem do Koha (gerado automaticamente) 76538
942 ## - Elementos de entrada adicionados (Koha)
Suprimido Disponível no OPAC
Tipo de item no Koha Monografias
Exemplares
Removido (estado) Perdido (estado) Data de aquisição Origem do registo (biblioteca) (codificado) Código da organização que empresta ou é detentora (biblioteca) Código de barras Local Número de inventário Cota Tipo de circulação (não pode ser emprestado) Tipo de item e material
Disponível Disponível 2026-05-13 Biblioteca Municipal Álvaro de Campos Biblioteca Municipal Álvaro de Campos BMTAV72591 Sala de Adultos 72591 I9 HAN Normal Monografias